000 00837nam a2200289Ia 4500
001 Para_2480
003 CHAP
008 220125s1987 xx 000 0 und d
010 _a201014
040 _cCHAP
082 _aPA 632.8 C52
110 _aCiba Foundation
_923026
245 _aPlant resistance to viruses /
_c by David Evered and Sara Harnett
260 _aChichester :
_b Wiley
300 _a215 p.
440 _aCiba Foundation Symposium; 133
_9165868
650 _aPlantas
_x Enfermedades por virus Plantas
_x Resistencia a enfermedades
_9165869
700 _aEvered, David
_938985
700 _aHarnett, Sara
_952778
901 _aPA 632.8 C52
902 _aA
905 _a0000001987 CHI 0000000000 00
910 _a1987
942 _cPARA
942 _cPARA
_d1
999 _c201014
_d201014